[Event "Koblenz-ch"]
[Site "Koblenz"]
[Date "2001.10.23"]
[Round "4"]
[White "Dutz, Petra"]
[Black "Forster, Manfred1111"]
[Result "0-1"]
[WhiteElo "1664"]
[BlackElo "1423"]
[PlyCount "56"]
[EventDate "2001.09.04"]
[EventType "swiss"]
[EventRounds "7"]
[EventCountry "GER"]
[SourceTitle "EXT 2005"]
[Source "ChessBase"]
[SourceDate "2004.11.15"]
[SourceVersion "1"]
[SourceVersionDate "2004.11.15"]
[SourceQuality "1"]

1. e4 e5 2. Nf3 Nc6 3. Bb5 a6 4. Ba4 b5 5. Bb3 Nf6 6. Nc3 d6 7. d4 Bg4 8. Qd3 Bxf3 9. gxf3 Nxd4 10. Nd5 c6 11. Nc3 Qd7 12. Ne2 Nxe2 13. Qxe2 Qh3 14. Be3 a5 15. a4 b4 16. 0-0-0 Be7 17. Qc4 0-0 18. Qxc6 Qxf3 19. Rhg1 Rfc8 20. Qb7 Re8 21. Rxd6 Qh5 22. Rg5 Qxh2 23. Rxf6 Qh1+ 24. Kd2 Rad8+ 25. Bd5 Rxd5+ 26. Qxd5 Bxf6 27. Bb6 Bxg5+ 28. Kd3 Qf1# 0-1